000 00623nam a2200229Ia 4500
003 OSt
005 20221007063445.0
006 a|||||r|||| 00| 0
007 ta
008 221006b |||||||| |||| 00| 0 eng d
024 _a26,757
037 _cTextual
040 _aFLL
_cFLL
_beng
041 _2eng
_aeng
082 _aX9W:Z73y7, K7
100 _aJones Willia K.
_9684311
245 0 _aRegulated industries
260 _aBrooklyn
_bThe Foundation Press, Inc. Brooklyn
_c1967
300 _axxxv,1-1283p
_ccm.
942 _hX9W:Z73y7, K7
_cTEXL
_2CC
999 _c1131307
_d1131307